000 00289nam a22001337a 4500
008 170208b xxu||||| |||| 00| 0 eng d
020 _a0936488190
041 _aeng
080 _a61
100 _a4
101 _aSHM
245 _aHEALTH CARE IN AMERICA
_cZECKHAUSEER, R
942 _2udc
_cBK
999 _c4902
_d4902